000
00301nam a22001337a 4500
008
170202b xxu||||| |||| 00| 0 eng d
020
_a
9780763718015
041
_a
eng
080
_a
61
100
_a
3
101
_a
shm
245
_a
community health education methods
_c
BENSLEY.R.J
942
_2
udc
_c
BK
999
_c
4243
_d
4243